Atlas de los instrumentos musicales

Guardat en:
Dades bibliogràfiques
Autors principals: Maersch, Klaus (autor), Rohde, Ulrich (Autor), Seiffert, Otto (Autor), Singer, Ute (Autor)
Format: Llibre
Idioma:espanyol
Publicat: Madrid Alianza 1994
Edició:1a. ed
Col·lecció:Alianza Atlas, 11
Matèries:
Etiquetes: Afegir etiqueta
Sense etiquetes, Sigues el primer a etiquetar aquest registre!

MARC

LEADER 00000nam a2200000 a 4500
001 UCK4386
003 CL-VaPUC
008 050603e19940000SP |||||||||||||||||spa|d
020 |a 8420662119 
082 0 4 |a 784.19  |b MAE  |2 21 
100 |a Maersch, Klaus  |e autor  |9 492886 
700 0 |a Rohde, Ulrich  |e author  |9 492887 
700 0 |a Seiffert, Otto  |e author  |9 492888 
700 0 |a Singer, Ute  |e author  |9 492889 
245 1 0 |a Atlas de los instrumentos musicales 
250 |a 1a. ed 
300 |a 225 p 
942 |c BK 
945 |d 20050603 00:00:00  |a jcarroza 
260 |a Madrid  |b Alianza  |c 1994 
650 0 |a Instrumentos musicales  |9 306600 
650 0 |a Instrumentos de cuerdas  |9 332574 
650 0 |a Instrumentos de viento  |9 373984 
650 0 |a Idiófonos  |9 409996 
650 7 |a INSTRUMENTOS ELECTRICOS  |2 CL-VaPUC  |9 492890 
650 0 |a Atlas   |9 260843 
583 |a last modification  |c 20050603 00:00:00  |k Rodrigo Vera 
490 0 |a Alianza Atlas, 11 
999 |c 313264  |d 313262 
952 |0 0  |1 0  |4 0  |6 784_190000000000000_MAE_1994  |7 0  |8 F  |9 384503  |a BIBEDU  |b BIBEDU  |d 2019-11-22  |i 410627K  |o 784.19 MAE 1994  |p 410627K  |r 2023-01-12  |w 2019-11-22  |y BK_F  |k MUS